000 00596nam a2200205 i 4500
001 bgj
100 1 _aPOWELL, Anthony
_d(1905- ).
245 1 0 _aThe Soldier's Art /
_cAnthony Powell.
260 _aLondon? :
_bFontana Books,
_c1968=
_bby agreement with Heinemann.
300 _a221 pp ;
_c18 cm.
490 1 _aFontana Modern Novels
650 9 _aAuthobiographical fiction
651 9 _aEngland
_xSocial life and customs
_y20th century
655 _aFiction
830 _aFontana Modern Novels
040 _cBPK
041 0 _aeng
942 _cKS
008 s uk f |000 0 eng
999 _c48653
_d48653